000
00310nam a2200157Ia 4500
100
_a
Archer/Jeffrey
650
_a
Fiction
942
_c
BK
366
_f
20
245
_a
Only time will tell
260
_b
Pan Books
_c
2011
082
_b
ARC
300
_a
387
546
_a
ENGLISH
_c
Computers
999
_c
18418
_d
18418